Counties of Arkansas - Statistics

General Stats
  • This quiz has been taken 6 times
  • The average score is 40 of 75
Answer Stats
Answer % Correct
Franklin
100%
Johnson
100%
Ashley
80%
Bradley
80%
Carroll
80%
Clay
80%
Columbia
80%
Conway
80%
Crittenden
80%
Drew
80%
Izard
80%
Jefferson
80%
Lafayette
80%
Lee
80%
Madison
80%
Marion
80%
Newton
80%
Pulaski
80%
Searcy
80%
Arkansas
60%
Benton
60%
Boone
60%
Chicot
60%
Cleveland
60%
Craighead
60%
Desha
60%
Faulkner
60%
Grant
60%
Hot Spring
60%
Jackson
60%
Lincoln
60%
Little River
60%
Lonoke
60%
Mississippi
60%
Montgomery
60%
Nevada
60%
Ouachita
60%
Perry
60%
Pope
60%
Saline
60%
Stone
60%
Van Buren
60%
Washington
60%
White
60%
Baxter
40%
Crawford
40%
Cross
40%
Dallas
40%
Fulton
40%
Garland
40%
Greene
40%
Hempstead
40%
Independence
40%
Lawrence
40%
Miller
40%
Monroe
40%
Polk
40%
Sharp
40%
Union
40%
Calhoun
20%
Clark
20%
Cleburne
20%
Howard
20%
Logan
20%
Phillips
20%
Pike
20%
Poinsett
20%
Prairie
20%
Randolph
20%
Scott
20%
Sebastian
20%
Sevier
20%
St. Francis
20%
Woodruff
20%
Yell
20%
No matching quizzes found
Score Distribution
Percent of People with Each Score
Percentile by Number Answered
Your Score History
You have not taken this quiz